000 00897nam a22002177a 4500
999 _c7744
_d7744
003 AR-CdUCM
008 190321b ||||| |||| 00| 0 spa d
040 _aMUNICIPALIDAD PROVINCIAL DEL CUSCO
_cBIBLIOTECA MUNICIPAL DEL CUSCO
082 _a622.4 /
_bT19
100 _aTandeter, Enrique
_921882
245 _aCoacción y Mercado :
_bLa minería de la plata en el Potosí colonial 1692-1826 /
260 _aCusco :
_bCentro Bartolome de las Casas ,
_c1922.
300 _a316 páginas ;
_c23.5 cm.
440 _aArchivos de historia andina
_n15
_921883
505 _aContenido : El relanzamiento de la produccion de plata -- La mina potosina -- Minga y Kajcha -- Credito, renta y ganancia -- Reformismo y crisis -- Epilogo y conclusiones....
650 _aHistoria Economica
_913
650 _aCoacción y mercado
_921884
650 _aMinera Potosí
_921885
942 _2ddc
_cLIBROS
945 _arcc